| 000 | 00509nam a22001697a 4500 | ||
|---|---|---|---|
| 999 |
_c180387 _d180387 |
||
| 005 | 20210809113140.0 | ||
| 010 | _aENG-129684 | ||
| 020 |
_c750.00 _a9780199491469 |
||
| 035 | _aEN-113216 | ||
| 037 | _bDBAD/PUB | ||
| 082 | _a307.14120954 | ||
| 245 |
_aRural India Perspective: _b/ |
||
| 260 |
_aNew Delhi _bOxford University Press _c2018 |
||
| 270 |
_a2/11 Ground floor, Ansari Road, Darya ganj, _bNew Delhi _e110002 |
||
| 300 |
_a303 p. _c28cm(pbk) |
||
| 942 |
_2ddc _cEN _h307.14120954 _kNAB |
||